Penetration and permeability of concrete : (Record no. 7367)
[ view plain ]
| 000 -LEADER | |
|---|---|
| fixed length control field | 01107nac a22002651u 4500 |
| 010 ## - LIBRARY OF CONGRESS CONTROL NUMBER | |
| LC control number | 98107870 |
| 020 ## - INTERNATIONAL STANDARD BOOK NUMBER | |
| International Standard Book Number | 0419225609 |
| 082 00 - DEWEY DECIMAL CLASSIFICATION NUMBER | |
| Classification number | 620.136 |
| Item number | REI |
| 090 ## - LOCALLY ASSIGNED LC-TYPE CALL NUMBER (OCLC); LOCAL CALL NUMBER (OCLC) | |
| -- | 7367 |
| -- | 7367 |
| 100 ## - MAIN ENTRY--PERSONAL NAME | |
| Personal name | Reinhardt, H.W. [ed.] |
| 245 00 - TITLE STATEMENT | |
| Title | Penetration and permeability of concrete : |
| Remainder of title | barriers to organic and contaminating liquids : state-of-the-art report prepared by members of the RILEM Technical Committee 146-TCF / |
| Statement of responsibility, etc | edited by H.W. Reinhardt. |
| 250 ## - EDITION STATEMENT | |
| Edition statement | 1st ed. |
| 260 ## - PUBLICATION, DISTRIBUTION, ETC. (IMPRINT) | |
| Place of publication, distribution, etc | London ; |
| -- | New York : |
| Name of publisher, distributor, etc | E & FN Spon,c.1997. |
| Date of publication, distribution, etc | c.1997. |
| 300 ## - PHYSICAL DESCRIPTION | |
| Extent | x, 331 p. : |
| Other physical details | ill. ; |
| Dimensions | 24 cm. |
| 440 #0 - | |
| -- | RILEM report ; |
| -- | 16 |
| 500 ## - GENERAL NOTE | |
| General note | Distributer: Al-Ahram. |
| 504 ## - BIBLIOGRAPHY, ETC. NOTE | |
| Bibliography, etc | Includes bibliographical references and index. |
| 511 ## - PARTICIPANT OR PERFORMER NOTE | |
| Participant or performer note | Catalogued By: Mahitab. |
| 650 #0 - SUBJECT ADDED ENTRY--TOPICAL TERM | |
| Topical term or geographic name as entry element | Concrete |
| General subdivision | Permeability. |
| 650 #0 - SUBJECT ADDED ENTRY--TOPICAL TERM | |
| Topical term or geographic name as entry element | Concrete |
| General subdivision | Penetration resistance. |
| 700 1# - ADDED ENTRY--PERSONAL NAME | |
| Personal name | Reinhardt, H. W. |
| Fuller form of name | (Hans Wolfgang), |
| Dates associated with a name | 1931- |
| 710 2# - ADDED ENTRY--CORPORATE NAME | |
| Corporate name or jurisdiction name as entry element | RILEM Technical Committee 146-TCF. |
| 856 42 - ELECTRONIC LOCATION AND ACCESS | |
| Materials specified | Publisher description |
| Uniform Resource Identifier | <a href="http://www.loc.gov/catdir/enhancements/fy0651/98107870-d.html">http://www.loc.gov/catdir/enhancements/fy0651/98107870-d.html</a> |
| 942 ## - ADDED ENTRY ELEMENTS (KOHA) | |
| Item type | Book - Borrowing |
| Call number prefix | 620.136REI |
| Withdrawn status | Item status | Damaged status | Not for loan | Home library | Current library | Shelving location | Date acquired | Source of acquisition | Total Checkouts | Full call number | Barcode | Date last seen | Date last borrowed | Koha item type |
|---|---|---|---|---|---|---|---|---|---|---|---|---|---|---|
| Central Library | Central Library | First floor | 23/01/2008 | Purchase | 1 | 620.136REI | 000008707 | 15/07/2025 | 04/02/2013 | Book - Borrowing |